000
00242nam a22000977a 4500
020
_a
978-3031342745
040
_c
NUST
082
_a
624.1519
_b
WIN
245
_a
Geotechnical Instrumentation and Applications by Myint Win Bo
942
_2
ddc
_c
BK
999
_c
616345
_d
616345